<?xml version="1.0" encoding="UTF-8"?>
<record
    xmlns:xsi="http://www.w3.org/2001/XMLSchema-instance"
    xsi:schemaLocation="http://www.loc.gov/MARC21/slim http://www.loc.gov/standards/marcxml/schema/MARC21slim.xsd"
    xmlns="http://www.loc.gov/MARC21/slim">

  <leader>00193nam a2200085   4500</leader>
  <controlfield tag="001">1255134</controlfield>
  <controlfield tag="005">20251204124410.0</controlfield>
  <datafield tag="245" ind1=" " ind2=" ">
    <subfield code="a">PEGASUS OL&#x130;MPOS SAVA&#x15E;I</subfield>
    <subfield code="c">KATE O'HEARN</subfield>
  </datafield>
  <datafield tag="260" ind1=" " ind2=" ">
    <subfield code="b">BEYAZ BAL&#x130;NA</subfield>
  </datafield>
  <datafield tag="999" ind1=" " ind2=" ">
    <subfield code="c">1255134</subfield>
    <subfield code="d">1255134</subfield>
  </datafield>
  <datafield tag="952" ind1=" " ind2=" ">
    <subfield code="0">0</subfield>
    <subfield code="1">0</subfield>
    <subfield code="2">ddc</subfield>
    <subfield code="4">0</subfield>
    <subfield code="7">0</subfield>
    <subfield code="a">1039</subfield>
    <subfield code="b">1039</subfield>
    <subfield code="d">2025-12-04</subfield>
    <subfield code="l">1</subfield>
    <subfield code="o">F5</subfield>
    <subfield code="p">10391738</subfield>
    <subfield code="r">2026-02-10 09:20:19</subfield>
    <subfield code="s">2025-12-04</subfield>
    <subfield code="w">2025-12-04</subfield>
    <subfield code="y">BK</subfield>
  </datafield>
</record>
